5HLuxD.jpg

KING HENRY VIII SENIOR AND PRIMARY SCHOOL LIBRARY OPAC

Random acts of fun (Record no. 5201)

000 -LEADER
fixed length control field 00475cam a2200145 i 4500
008 - FIXED-LENGTH DATA ELEMENTS--GENERAL INFORMATION
fixed length control field 231103s2021 enka c 000 f eng d
020 ## - INTERNATIONAL STANDARD BOOK NUMBER
International Standard Book Number 9781407191133
050 #4 - LIBRARY OF CONGRESS CALL NUMBER
Classification number PZ7.P55223
082 0# - DEWEY DECIMAL CLASSIFICATION NUMBER
Classification number 823.92 PIC
Item number P593
100 1# - MAIN ENTRY--PERSONAL NAME
Personal name Pichon, Liz,
Relator term aut.
245 10 - TITLE STATEMENT
Title Random acts of fun
Statement of responsibility, etc. by Liz Pichon (who likes a laugh)
260 ## - PUBLICATION, DISTRIBUTION, ETC.
Place of publication, distribution, etc. Scholastic Ireland,89E Lagan Road,Dublin Industrial Estate,Glasnevin,Dublin,D11 HP5F
Name of publisher, distributor, etc. Scholastic
Date of publication, distribution, etc. 2021
300 ## - PHYSICAL DESCRIPTION
Extent 233 pages
Dimensions 19 cm.
942 ## - ADDED ENTRY ELEMENTS (KOHA)
Source of classification or shelving scheme
Holdings
Withdrawn status Lost status Source of classification or shelving scheme Damaged status Not for loan Collection code Permanent Location Current Location Shelving location Date acquired Total Checkouts Total Renewals Full call number Barcode Date last seen Date last checked out Price effective from Koha item type Public note
          Fiction KH8 Primary School Library KH8 Primary School Library Fiction 2025-08-25 9 1 823.92 PIC KHPL000007615 2026-04-15 2026-04-08 2025-08-25 Books - Fiction KH8 PRIMARY LIBRARY

Powered By KH8 IT Dept